Industrial work for girls /

Bibliographic Details
Main Author: Pickard, Andrew Ezra, 1878-
Other Authors: Henegren, Marie Caroline, 1880-
Format: Book
Language:English
Published: St. Paul, Minn. : Webb publishing company, 1916.
Series:Elementary industrial series
Subjects:

MARC

Tag First Indicator Second Indicator Subfields
LEADER 00000cam a2200000 4500
001 in00000054544
005 20151008052045.0
008 790501s1916 mnu b 00010 engm
010 |a  17004040  
035 |a (OCoLC)04915261 
035 |9 AAH1447AM 
040 |a DLC  |c KEU  |d TXA  |d UtOrBLW 
049 |a TXAM  |c [30332] 
050 0 |a TX167  |b .P5 
092 |a 371.42  |b P594i 
100 1 |a Pickard, Andrew Ezra,  |d 1878- 
245 1 0 |a Industrial work for girls /  |c by A. E. Pickard ... and Marie C. Henegren ... 
264 1 |a St. Paul, Minn. :  |b Webb publishing company,  |c 1916. 
300 |a 1 page l, 5-145 pages :  |b illustrations, (including plans) ;  |c 20 cm. 
336 |a text  |b txt  |2 rdacontent 
337 |a unmediated  |b n  |2 rdamedia 
338 |a volume  |b nc  |2 rdacarrier 
490 0 |a Elementary industrial series 
504 |a "References for domestic science": page 96. 
650 0 |a Home economics. 
700 1 |a Henegren, Marie Caroline,  |d 1880- 
999 |a MARS 
999 f f |s c6366669-adee-34cf-8356-43d737b607c0  |i ad4f4c63-d849-306a-bcd3-dc0328fce3dc  |t 0 
952 f f |p ric  |a Texas A&M University  |b Rellis Campus  |c Joint Library Facility  |d Remote Storage  |t 0  |e TX167 .P5  |h Library of Congress classification  |i unmediated -- volume  |m A14800838696 
998 f f |a TX167 .P5  |t 0  |l Remote Storage